000 00470 a2200157 4500
020 _a8120317394
040 _aDLC
_bDLC
082 _a 515.905
100 _a Kasana, H. S.
245 _aComplex Variables: Theory And Applications
_cH. S. Kasana
260 _aNew Delhi:
_bPrentice-Hall of India Pvt. Ltd.,
_c2001.
300 _a viii, 465 p.
_c : ill.
_e ; 24 cm.
500 _aIncludes Index
650 _aFunctions of complex variables.
942 _cBK
_k 515.905 KAS
_2ddc
999 _c7612
_d7612